[Event "4NCL 2023-24"]
[Site "England ENG"]
[Date "2024.01.14"]
[Round "4.1"]
[Board "8"]
[White "Sandu, Mihaela"]
[Black "Terbe, Julianna"]
[Result "1/2-1/2"]
[WhiteTitle "WGM"]
[BlackTitle "WIM"]
[WhiteElo "2270"]
[BlackElo "2289"]
[WhiteTeam "Cheddleton"]
[BlackTeam "Manx Liberty"]
[WhiteFideId "1204327"]
[BlackFideId "708780"]
[EventDate "2023.11.11"]

1. e4 c5 2. Nf3 Nc6 3. d4 cxd4 4. Nxd4 Nf6 5. Nc3 e5 6. Ndb5 d6 7. Bg5 a6 8. Na3
b5 9. Nd5 Be7 10. Bxf6 Bxf6 11. c3 Bg5 12. Nc2 Rb8 13. Be2 O-O 14. Qd3 Be6 15.
O-O g6 16. Rfd1 Qd7 17. Ncb4 Nxb4 18. Nxb4 Rb6 19. Qc2 f5 20. Nd5 Rbb8 21. Bf3
a5 22. Rd3 Kh8 23. Rad1 f4 24. Qe2 Bd8 25. h3 h5 26. c4 bxc4 27. Rc3 Qb5 28. Rd2
Rc8 29. Rdc2 Rf7 30. b3 Kg7 31. Rxc4 Rxc4 32. Rxc4 Bxd5 33. exd5 Bb6 34. Qc2 Bc5
35. Be4 Rf6 36. Qe2 Qb6 37. Rc2 Qb4 1/2-1/2

[Event "4NCL 2023-24"]
[Site "England ENG"]
[Date "2024.01.14"]
[Round "4.2"]
[Board "1"]
[White "Alsina Leal, Daniel"]
[Black "Royal, Shreyas"]
[Result "0-1"]
[WhiteTitle "GM"]
[BlackTitle "IM"]
[WhiteElo "2494"]
[BlackElo "2457"]
[WhiteTeam "Chessable White Rose 1"]
[BlackTeam "Wood Green Youth"]
[WhiteFideId "2252627"]
[BlackFideId "448869"]
[EventDate "2023.11.11"]

1. e4 e5 2. Nf3 Nc6 3. Bb5 a6 4. Ba4 Nf6 5. O-O b5 6. Bb3 Bc5 7. a4 Rb8 8. c3 d6
9. d4 Bb6 10. axb5 axb5 11. Qd3 O-O 12. Bg5 exd4 13. cxd4 h6 14. Bh4 g5 15. Bg3
Nh5 16. Nc3 Bg4 17. Nd5 Bxf3 18. Nxb6 Bxg2 19. Kxg2 Rxb6 20. Qd1 Nxg3 21. fxg3
Ne7 22. Qh5 d5 23. exd5 Nxd5 24. Rae1 Kg7 25. Qf3 Rd6 26. Re5 c6 27. Bxd5 Rxd5
28. Rxd5 Qxd5 29. Qxd5 cxd5 30. Rf5 Rd8 31. Re5 Kg6 32. Kf3 Rd6 33. h4 Rf6+ 34.
Kg2 Rd6 35. hxg5 hxg5 36. Kf3 Kh5 37. Re7 Rf6+ 38. Kg2 Kg4 39. Rb7 Rf3 40. Rxb5
Rxg3+ 41. Kf2 Rd3 42. Rxd5 Rb3 43. Rd8 Kf4 44. d5 Rxb2+ 45. Ke1 f5 46. d6 Rb5
47. d7 Rd5 48. Ke2 g4 49. Kf2 g3+ 50. Ke2 Rd6 51. Ra8 Rxd7 52. Ra4+ Kg5 53. Kf3
Rd3+ 54. Kg2 f4 55. Kh3 Kf5 56. Rb4 Rd2 57. Rb5+ Ke4 58. Rb4+ Kf3 59. Rb3+ Kf2
60. Rb1 f3 61. Ra1 Re2 62. Rb1 g2 63. Kh2 Re1 0-1

[Event "4NCL 2023-24"]
[Site "England ENG"]
[Date "2024.01.14"]
[Round "4.2"]
[Board "2"]
[White "Willow, Jonah B"]
[Black "Rowson, Jonathan"]
[Result "1-0"]
[WhiteTitle "IM"]
[BlackTitle "GM"]
[WhiteElo "2446"]
[BlackElo "2527"]
[WhiteTeam "Wood Green Youth"]
[BlackTeam "Chessable White Rose 1"]
[WhiteFideId "438804"]
[BlackFideId "2400561"]
[EventDate "2023.11.11"]

1. e4 c5 2. Nc3 Nc6 3. Nge2 g6 4. d4 cxd4 5. Nxd4 Bg7 6. Be3 Nf6 7. Bc4 O-O 8.
Bb3 Qa5 9. f3 d5 10. exd5 Nb4 11. Qd2 Rd8 12. O-O-O Bd7 13. Kb1 Be8 14. a3 Na6
15. g4 Rac8 16. h4 Nc5 17. h5 Nxb3 18. Nxb3 Qc7 19. Bd4 Qc4 20. hxg6 fxg6 21.
Qh2 h6 22. Rde1 Rd7 23. g5 hxg5 24. d6 Rxd6 25. Rxe7 Rxd4 26. Nxd4 Qxd4 27.
Rxg7+ Kxg7 28. Qh8+ Kf7 29. Ne4 Bd7 30. Nxg5+ Ke7 31. Qg7+ Kd6 32. Ne4+ Kc6 33.
Qxg6 Rf8 34. Qg7 Rg8 35. Qxf6+ Qxf6 36. Nxf6 Rg2 37. Nxd7 Kxd7 38. Rh7+ Kc6 39.
Rf7 Rf2 40. b3 Rf1+ 41. Kb2 Rf2 42. Kc3 1-0

[Event "4NCL 2023-24"]
[Site "England ENG"]
[Date "2024.01.14"]
[Round "4.2"]
[Board "3"]
[White "Emms, John M"]
[Black "Bazakutsa, Svyatoslav"]
[Result "1/2-1/2"]
[WhiteTitle "GM"]
[BlackTitle "IM"]
[WhiteElo "2442"]
[BlackElo "2462"]
[WhiteTeam "Chessable White Rose 1"]
[BlackTeam "Wood Green Youth"]
[WhiteFideId "400254"]
[BlackFideId "14198525"]
[EventDate "2023.11.11"]

1. e4 c6 2. d4 d5 3. exd5 cxd5 4. Bd3 Nc6 5. c3 Nf6 6. Bf4 Bg4 7. Qb3 Qd7 8. Nd2
e6 9. Ngf3 Bxf3 10. Nxf3 Bd6 11. Bxd6 Qxd6 12. O-O O-O 13. Rfe1 Qc7 14. Qc2 g6
15. g3 Rab8 16. a4 a6 17. Qe2 Rfe8 18. Qe3 Kg7 19. Kg2 Re7 20. h4 h5 21. Ne5
Nxe5 22. dxe5 Nd7 23. Qg5 Ree8 24. Re3 Qd8 25. Qf4 Qe7 26. Rae1 Rh8 27. Rf3 Rbd8
28. Ree3 Kg8 29. Qd4 Rh7 30. b4 Nb8 31. Rf6 Nc6 32. Qf4 d4 33. Rf3 dxc3 34. Qg5
Rg7 35. Be4 Rd1 36. b5 axb5 37. axb5 Nd8 38. Rxc3 Qb4 39. Bf3 Qxc3 40. Bxd1 Qd3
41. Ba4 Qe4+ 42. Rf3 Qxa4 43. Qxd8+ Kh7 44. Qd3 Qb4 45. Kh2 Qc5 46. Re3 b6 47.
Qd7 f5 48. Qxe6 Qxb5 49. Rb3 Qe2 50. Qxb6 Qxe5 51. Re3 Qc7 52. Qxc7 Rxc7 53. Kg2 1/2-1/2

[Event "4NCL 2023-24"]
[Site "England ENG"]
[Date "2024.01.14"]
[Round "4.2"]
[Board "4"]
[White "Derakhshani, Borna"]
[Black "Wells, Peter K"]
[Result "1/2-1/2"]
[WhiteTitle "FM"]
[BlackTitle "GM"]
[WhiteElo "2355"]
[BlackElo "2351"]
[WhiteTeam "Wood Green Youth"]
[BlackTeam "Chessable White Rose 1"]
[WhiteFideId "12518450"]
[BlackFideId "400327"]
[EventDate "2023.11.11"]

1. e4 e5 2. Nf3 Nc6 3. d4 exd4 4. Nxd4 Nf6 5. Nxc6 bxc6 6. Bd3 d6 7. O-O g6 8.
c3 Bg7 9. Bf4 O-O 10. Qc2 Nd7 11. Nd2 Re8 12. Rfe1 Nc5 13. Bc4 d5 14. exd5 Rxe1+
15. Rxe1 Bf5 16. Qd1 cxd5 17. Bb5 Bd7 18. Bxd7 Qxd7 19. Nb3 1/2-1/2

[Event "4NCL 2023-24"]
[Site "England ENG"]
[Date "2024.01.14"]
[Round "4.2"]
[Board "5"]
[White "Camacho Collados, Jose"]
[Black "Czopor, Maciej"]
[Result "0-1"]
[WhiteTitle "IM"]
[BlackTitle "FM"]
[WhiteElo "2370"]
[BlackElo "2359"]
[WhiteTeam "Chessable White Rose 1"]
[BlackTeam "Wood Green Youth"]
[WhiteFideId "2265427"]
[BlackFideId "21805431"]
[EventDate "2023.11.11"]

1. d4 Nf6 2. Nf3 e6 3. Bg5 h6 4. Bh4 g5 5. Bg3 d6 6. Nbd2 Nh5 7. e4 Bg7 8. c3
Qe7 9. e5 Nxg3 10. hxg3 Nc6 11. Nc4 Bd7 12. Qb3 O-O-O 13. exd6 cxd6 14. Qa3 Be8
15. b4 d5 16. Nce5 Nxe5 17. Nxe5 Kb8 18. O-O-O Rc8 19. Kb2 Bxe5 20. dxe5 f6 21.
exf6 Qxf6 22. f3 Rh7 23. Bd3 Rhc7 24. Rc1 h5 25. Rhe1 e5 26. Rc2 Bd7 27. b5 g4
28. Rf1 gxf3 29. gxf3 Qb6 30. Qb3 Be6 31. Re1 e4 32. Bf1 d4 33. Qb4 d3 34. Rd2
Rc4 35. Qe7 Rxc3 36. Rxe4 Qa5 37. Qd6+ Ka8 38. Rxe6 Qxb5+ 0-1

[Event "4NCL 2023-24"]
[Site "England ENG"]
[Date "2024.01.14"]
[Round "4.2"]
[Board "6"]
[White "Durak, Can"]
[Black "Palliser, Richard J D"]
[Result "1-0"]
[WhiteTitle "FM"]
[BlackTitle "IM"]
[WhiteElo "2450"]
[BlackElo "2375"]
[WhiteTeam "Wood Green Youth"]
[BlackTeam "Chessable White Rose 1"]
[WhiteFideId "44552971"]
[BlackFideId "407372"]
[EventDate "2023.11.11"]

1. d4 Nf6 2. c4 g6 3. Nc3 Bg7 4. e4 d6 5. h3 O-O 6. Be3 e5 7. d5 Na6 8. g4 Nc5
9. f3 a5 10. Qd2 c6 11. Nge2 a4 12. Ng3 h5 13. gxh5 Nxh5 14. Nxh5 Qh4+ 15. Qf2
Qxf2+ 16. Bxf2 gxh5 17. O-O-O f5 18. dxc6 fxe4 19. Rxd6 Nd3+ 20. Bxd3 exd3 21.
c7 Bf5 22. Nd5 Rae8 23. Rg1 Kf7 24. Rg5 Bxh3 25. Rxh5 Be6 26. Bh4 Rh8 27. Rxh8
Rxh8 28. Rxe6 Kxe6 29. Bd8 1-0

[Event "4NCL 2023-24"]
[Site "England ENG"]
[Date "2024.01.14"]
[Round "4.2"]
[Board "7"]
[White "Turner, Max N"]
[Black "Kalaiyalahan, Akshaya"]
[Result "1-0"]
[WhiteTitle "CM"]
[BlackTitle "FM"]
[WhiteElo "2269"]
[BlackElo "2137"]
[WhiteTeam "Chessable White Rose 1"]
[BlackTeam "Wood Green Youth"]
[WhiteFideId "447722"]
[BlackFideId "422894"]
[EventDate "2023.11.11"]

1. d4 d5 2. c4 e6 3. Nf3 Nf6 4. Nc3 Be7 5. Bg5 h6 6. Bh4 O-O 7. e3 b6 8. Bd3 Bb7
9. O-O Ne4 10. Bxe7 Qxe7 11. Rc1 Nd7 12. cxd5 exd5 13. Qb3 Ndf6 14. h3 Rfe8 15.
Rfe1 c6 16. Ne5 c5 17. Bb1 Nd2 18. Qc2 Nxb1 19. Rxb1 Rac8 20. Rbd1 a6 21. f4 b5
22. dxc5 Qxc5 23. Qb3 Re7 24. Rd4 Rce8 25. Red1 Re6 26. a4 Bc6 27. axb5 axb5 28.
Qb4 Qb6 29. Na4 Qc7 30. Nc5 R6e7 31. Ncd3 Bd7 32. Rc1 Qa7 33. Qb3 Qa5 34. Nb4
Kh8 35. Nxd5 Nxd5 36. Qxd5 Be6 37. Qd6 Qa2 38. Qb4 Bc4 39. Qd2 Kg8 40. Rd8 f6
41. Rxe8+ Rxe8 42. Nf3 Qb3 43. Kf2 Ra8 44. Nd4 Qd3 45. Qxd3 Bxd3 46. Rc3 Bc4 47.
Ra3 Rc8 48. f5 b4 49. Ra1 Bd5 50. Rd1 Kf8 51. g4 Kg8 52. Ra1 Kf8 53. Ra5 Bf7 54.
Rb5 b3 55. Kf3 Bc4 56. Rb6 Bd5+ 57. e4 Bf7 58. Nxb3 Rc2 59. Rb8+ Ke7 60. Rb7+
Kf8 61. Nd4 Rd2 62. Rb8+ Ke7 63. Nc6+ 1-0

[Event "4NCL 2023-24"]
[Site "England ENG"]
[Date "2024.01.14"]
[Round "4.2"]
[Board "8"]
[White "Stoyanov, Viktor"]
[Black "Ciocan, Maria-Alexandra"]
[Result "1-0"]
[WhiteTitle "FM"]
[WhiteElo "2269"]
[BlackElo "1978"]
[WhiteTeam "Wood Green Youth"]
[BlackTeam "Chessable White Rose 1"]
[WhiteFideId "450308"]
[BlackFideId "1227130"]
[EventDate "2023.11.11"]

1. d4 Nf6 2. Nf3 g6 3. c4 Bg7 4. g3 O-O 5. Bg2 d6 6. Nc3 Nc6 7. O-O a6 8. d5 Na5
9. Nd2 c5 10. Qc2 Rb8 11. Rb1 b5 12. b3 Bd7 13. Bb2 bxc4 14. bxc4 Ng4 15. Nce4
Bxb2 16. Rxb2 Rxb2 17. Qxb2 Ne5 18. Qc3 Bf5 19. Nxc5 Qb6 20. Ncb3 Nb7 21. Qd4
Qxd4 22. Nxd4 Na5 23. Rc1 Rc8 24. e4 Bd7 25. Bf1 g5 26. N4b3 Nb7 27. f3 a5 28.
Kf2 a4 29. Nd4 Nc5 30. Rb1 h6 31. Be2 Kh7 32. Ke3 Rg8 33. Rb6 Rc8 34. Nc2 Ra8
35. Kd4 Kg7 36. Ne3 Ng6 37. Bd1 h5 38. Bc2 h4 39. Nf5+ Bxf5 40. exf5 Ne5 41. g4
Rc8 42. Rb4 Ra8 43. a3 Ra6 44. Rb8 Ra7 45. Rb1 Rc7 46. Rb4 Ra7 47. Kc3 Ra8 48.
Rb1 Rc8 49. Rb5 Ra8 50. Kd4 f6 51. Ke3 Kf7 52. h3 Kg7 53. Rb4 Ra6 54. Rb8 Ned7
55. Rb1 Ne5 56. f4 Ned7 57. Nf3 Kh6 58. fxg5+ fxg5 59. Kd4 Ra8 60. Re1 Re8 61.
Kc3 Nf6 62. Nd4 Rc8 63. Nc6 Kg7 64. Rxe7+ Kf8 65. Re1 Nfd7 66. Kd4 Ra8 67. Re3
Kf7 68. Re6 Nxe6+ 69. fxe6+ Ke8 70. Bg6+ 1-0

[Event "4NCL 2023-24"]
[Site "England ENG"]
[Date "2024.01.14"]
[Round "4.3"]
[Board "1"]
[White "Speelman, Jon S"]
[Black "Nasuta, Grzegorz"]
[Result "1/2-1/2"]
[WhiteTitle "GM"]
[BlackTitle "GM"]
[WhiteElo "2500"]
[BlackElo "2552"]
[WhiteTeam "Wood Green"]
[BlackTeam "The Sharks 1"]
[WhiteFideId "400033"]
[BlackFideId "1141686"]
[EventDate "2023.11.11"]

1. Nf3 d5 2. g3 Bg4 3. Bg2 e6 4. O-O Nf6 5. c4 c6 6. b3 Be7 7. Bb2 O-O 8. h3 Bf5
9. d3 h6 10. Nc3 Bh7 11. Re1 Nbd7 12. cxd5 exd5 13. e4 Nc5 14. Nd4 dxe4 15. dxe4
Qb6 16. Nf5 Bxf5 17. exf5 Rfe8 18. Qc2 Nfd7 19. Ne4 Nxe4 20. Qxe4 Qb4 21. Qd3
Nf6 22. Bc3 1/2-1/2

[Event "4NCL 2023-24"]
[Site "England ENG"]
[Date "2024.01.14"]
[Round "4.3"]
[Board "2"]
[White "Fernandez, Daniel Howard"]
[Black "Haria, Ravi"]
[Result "1-0"]
[WhiteTitle "GM"]
[BlackTitle "GM"]
[WhiteElo "2532"]
[BlackElo "2496"]
[WhiteTeam "The Sharks 1"]
[BlackTeam "Wood Green"]
[WhiteFideId "5801605"]
[BlackFideId "415820"]
[EventDate "2023.11.11"]

1. Nf3 d5 2. e3 Nf6 3. c4 e6 4. b3 b6 5. d4 Bb7 6. Nbd2 c5 7. Bb2 cxd4 8. Bxd4
Be7 9. cxd5 Bxd5 10. Bb5+ Bc6 11. Qe2 O-O 12. Rc1 Bb7 13. O-O a6 14. Bd3 Nc6 15.
Bxf6 Bxf6 16. Be4 Rc8 17. Bxc6 Rxc6 18. Rxc6 Bxc6 19. Qxa6 Qa8 20. Qxa8 Rxa8 21.
Rc1 Be8 22. a4 b5 23. axb5 Bxb5 24. g4 Ra1 25. Rxa1 Bxa1 26. Nd4 Bd3 27. f4 g6
28. Kf2 Bc3 29. Nc4 h5 30. g5 Kf8 31. Ne5 Be4 32. Ndc6 Bc2 33. Nd7+ Ke8 34. Nc5
e5 35. Nxe5 Ke7 36. b4 Kd6 37. Nxf7+ Kd5 38. Na6 Bd3 39. Nc5 Bc2 40. Ke2 Bxb4
41. Nd3 Bc3 42. f5 gxf5 43. Nf4+ Ke4 44. Nxh5 f4 45. exf4 Kf5 46. Nh6+ Ke4 47.
f5 Bd4 48. g6 Bd3+ 49. Kd1 Bc4 50. g7 Be3 51. g8=Q Bxg8 52. Nf6+ Kf4 53. Nfxg8
Kg5 54. Ke2 Bf4 55. h3 Kh4 56. f6 Kxh3 57. Kf3 Be5 58. f7 Bg7 59. Nf5 Bf8 60.
Nge7 1-0

[Event "4NCL 2023-24"]
[Site "England ENG"]
[Date "2024.01.14"]
[Round "4.3"]
[Board "3"]
[White "Murphy, Conor E"]
[Black "Roberson, Peter T"]
[Result "1/2-1/2"]
[WhiteTitle "IM"]
[BlackTitle "IM"]
[WhiteElo "2484"]
[BlackElo "2424"]
[WhiteTeam "Wood Green"]
[BlackTeam "The Sharks 1"]
[WhiteFideId "421669"]
[BlackFideId "412384"]
[EventDate "2023.11.11"]

1. e4 e6 2. d4 d5 3. Nc3 Nf6 4. Bg5 dxe4 5. Nxe4 Nbd7 6. Nf3 h6 7. Bxf6 Nxf6 8.
Nxf6+ Qxf6 9. Qd3 Bd6 10. Qe4 O-O 11. Bd3 g6 12. h4 h5 13. Ne5 c5 14. f4 cxd4
15. g4 hxg4 16. h5 Bxe5 17. fxe5 Qg5 18. hxg6 fxg6 19. Qxg6+ Qxg6 20. Bxg6 Bd7
21. Rh4 Rf4 22. Bh5 Raf8 23. O-O-O g3 24. Rh3 R8f5 25. Rxg3+ Kf8 26. Rg4 Bc6 27.
Rxf4 Rxf4 28. Bg6 Be4 29. Rg1 Bf5 30. Bxf5 Rxf5 31. Re1 Rf4 32. Kd2 Ke7 33. Kd3
Kd7 34. Re4 Rf3+ 35. Kxd4 Kc6 36. Rh4 Rf2 37. Rh8 Kc7 38. Rh7+ Kc6 39. Rh8 Kc7
40. Kd3 Rf5 41. Rh7+ Kc6 42. c4 Rxe5 43. b4 a6 44. a4 Rg5 45. b5+ axb5 46. axb5+
Kb6 47. Re7 Re5 48. Kd4 1/2-1/2

[Event "4NCL 2023-24"]
[Site "England ENG"]
[Date "2024.01.14"]
[Round "4.3"]
[Board "4"]
[White "Grieve, Harry"]
[Black "Harvey, Marcus R"]
[Result "1/2-1/2"]
[WhiteTitle "IM"]
[BlackTitle "IM"]
[WhiteElo "2470"]
[BlackElo "2468"]
[WhiteTeam "The Sharks 1"]
[BlackTeam "Wood Green"]
[WhiteFideId "426520"]
[BlackFideId "400092"]
[EventDate "2023.11.11"]

1. e4 c6 2. d4 d5 3. e5 Bf5 4. h4 h5 5. c4 dxc4 6. Bxc4 e6 7. Nc3 Be7 8. g3 Nh6
9. Nf3 Bg4 10. Bxh6 Rxh6 11. Be2 Rh8 12. Rc1 g6 13. Qd2 Bxf3 14. Bxf3 Na6 15. a3
Nc7 16. Bg2 Qd7 17. O-O Kf8 18. Rfd1 Kg7 19. b4 Rhd8 20. Qb2 Nd5 21. Nxd5 cxd5
22. Rc3 Rdc8 23. Rdc1 a5 24. Rxc8 Rxc8 25. Rxc8 Qxc8 26. bxa5 Qc7 27. a4 Bd8 28.
Bh3 Qc6 29. Qb4 Qa6 30. Kg2 Bxa5 31. Qe7 Qb6 32. g4 Qd8 33. Qxd8 Bxd8 34. gxh5
gxh5 35. f4 f5 36. Kg3 Bb6 37. Bf1 Bxd4 38. Be2 Kg6 39. Bb5 Kf7 40. Be2 Kg6 41.
Bb5 Kf7 1/2-1/2

[Event "4NCL 2023-24"]
[Site "England ENG"]
[Date "2024.01.14"]
[Round "4.3"]
[Board "5"]
[White "Wadsworth, Matthew J"]
[Black "Rendle, Thomas E"]
[Result "1/2-1/2"]
[WhiteTitle "IM"]
[BlackTitle "IM"]
[WhiteElo "2450"]
[BlackElo "2378"]
[WhiteTeam "Wood Green"]
[BlackTeam "The Sharks 1"]
[WhiteFideId "415804"]
[BlackFideId "408760"]
[EventDate "2023.11.11"]

1. d4 d5 2. c4 c6 3. Nf3 Nf6 4. Nc3 e6 5. e3 Nbd7 6. Be2 Bd6 7. O-O O-O 8. b3 b6
9. Bb2 Bb7 10. Bd3 Qe7 11. Re1 Rfe8 12. e4 dxc4 13. bxc4 e5 14. Ne2 Bb4 15. Rf1
Ba3 16. Bc3 Bb4 17. Bb2 Ba3 18. Bc3 Bb4 19. Bb2 1/2-1/2

[Event "4NCL 2023-24"]
[Site "England ENG"]
[Date "2024.01.14"]
[Round "4.3"]
[Board "6"]
[White "Moreby, James"]
[Black "Turner, Matthew J"]
[Result "1/2-1/2"]
[WhiteTitle "FM"]
[BlackTitle "GM"]
[WhiteElo "2260"]
[BlackElo "2454"]
[WhiteTeam "The Sharks 1"]
[BlackTeam "Wood Green"]
[WhiteFideId "427756"]
[BlackFideId "402893"]
[EventDate "2023.11.11"]

1. e4 e5 2. Nf3 Nc6 3. Nc3 Nf6 4. d4 exd4 5. Nxd4 Bb4 6. Nxc6 bxc6 7. Bd3 O-O 8.
O-O Re8 9. Qf3 h6 10. h3 d6 11. Ne2 d5 12. exd5 Qxd5 13. Qxd5 cxd5 1/2-1/2

[Event "4NCL 2023-24"]
[Site "England ENG"]
[Date "2024.01.14"]
[Round "4.3"]
[Board "7"]
[White "Gasanov, Eldar"]
[Black "Dong, Bao Nghia"]
[Result "1-0"]
[WhiteTitle "GM"]
[BlackTitle "FM"]
[WhiteElo "2474"]
[BlackElo "2314"]
[WhiteTeam "Wood Green"]
[BlackTeam "The Sharks 1"]
[WhiteFideId "14104466"]
[BlackFideId "12400343"]
[EventDate "2023.11.11"]

1. d4 g6 2. e4 c5 3. dxc5 Bg7 4. c3 Qc7 5. Be3 Na6 6. Na3 Nxc5 7. Nb5 Qc6 8. Qd5
Ne6 9. Nxa7 Bxc3+ 10. Ke2 Nd4+ 11. Kd3 Qa4 12. Bxd4 Bxd4 13. Qxd4 Qxd4+ 14. Kxd4
Rxa7 15. Bb5 f6 16. Ne2 e5+ 17. Kc5 b6+ 18. Kxb6 Rb7+ 19. Kc5 Ke7 20. Nc3 d6+
21. Kb4 f5 22. f3 Nf6 23. a4 Bd7 24. Rhd1 fxe4 25. fxe4 Rc8 26. Rac1 Bc6 27. Ka3
Bxb5 28. axb5 Ke6 29. Kb3 Nd7 30. Ra1 Nc5+ 31. Kb4 Rf8 32. Rd2 Rf4 33. Re1 Rbf7
34. g3 Rf2 35. Red1 Rxd2 36. Rxd2 Kd7 37. Kc4 Rf3 38. Rd1 Re3 39. Ra1 Nxe4 40.
Ra7+ Ke6 41. b6 d5+ 42. Nxd5 Nd2+ 43. Kb5 Rb3+ 44. Kc6 Nf3 45. Re7+ Kf5 46. Rf7+
Ke4 47. Nc3+ Ke3 48. Rxf3+ Kxf3 49. b7 Rxb2 50. Nb5 1-0

[Event "4NCL 2023-24"]
[Site "England ENG"]
[Date "2024.01.14"]
[Round "4.3"]
[Board "8"]
[White "Morea, Georgiana-Steluta"]
[Black "Toma, Katarzyna"]
[Result "0-1"]
[BlackTitle "WGM"]
[WhiteElo "1941"]
[BlackElo "2201"]
[WhiteTeam "The Sharks 1"]
[BlackTeam "Wood Green"]
[WhiteFideId "1204319"]
[BlackFideId "1119907"]
[EventDate "2023.11.11"]

1. c4 e5 2. Nc3 f5 3. d3 Nf6 4. g3 Be7 5. Bg2 O-O 6. e3 d6 7. Nge2 c6 8. O-O Be6
9. b3 Nbd7 10. d4 Bf7 11. Bb2 Re8 12. dxe5 dxe5 13. e4 f4 14. gxf4 exf4 15. Nxf4
Qc7 16. Nfe2 Ng4 17. Ng3 h5 18. Qe2 Be6 19. f4 h4 20. f5 Ndf6 21. fxe6 hxg3 22.
Nd1 Bc5+ 23. Kh1 Rxe6 24. h3 Rae8 25. b4 Bxb4 26. Bd4 Nh2 27. Bxf6 Nxf1 28. Bb2
Nd2 29. e5 Rxe5 30. Bxe5 Qxe5 31. Qxe5 Rxe5 32. Nb2 Bc3 0-1

[Event "4NCL 2023-24"]
[Site "England ENG"]
[Date "2024.01.14"]
[Round "4.4"]
[Board "1"]
[White "Gormally, Daniel W"]
[Black "Cherniaev, Alexander"]
[Result "1/2-1/2"]
[WhiteTitle "GM"]
[BlackTitle "GM"]
[WhiteElo "2415"]
[BlackElo "2375"]
[WhiteTeam "Blackthorne"]
[BlackTeam "Barnet Knights A"]
[WhiteFideId "406465"]
[BlackFideId "4117301"]
[EventDate "2023.11.11"]

1. e4 c5 2. Nf3 Nc6 3. Bb5 e6 4. O-O Nge7 5. c3 d5 6. exd5 Nxd5 7. d4 cxd4 8.
cxd4 Be7 9. Nc3 O-O 10. Re1 Bf6 11. Bxc6 bxc6 12. Ne4 Be7 13. Bg5 f6 14. Bd2 Qb6
15. Qc2 Bd7 16. b3 Rfb8 17. Nc5 Bxc5 18. dxc5 Qd8 19. Nd4 e5 20. Nf5 Bxf5 1/2-1/2

[Event "4NCL 2023-24"]
[Site "England ENG"]
[Date "2024.01.14"]
[Round "4.4"]
[Board "2"]
[White "Villiers, Thomas"]
[Black "Ledger, Andrew J"]
[Result "1/2-1/2"]
[WhiteTitle "CM"]
[BlackTitle "IM"]
[WhiteElo "2225"]
[BlackElo "2334"]
[WhiteTeam "Barnet Knights A"]
[BlackTeam "Blackthorne"]
[WhiteFideId "427209"]
[BlackFideId "400610"]
[EventDate "2023.11.11"]

1. e4 c6 2. d4 d5 3. Nc3 dxe4 4. Nxe4 Bf5 5. Qf3 e6 6. c3 Nd7 7. Ne2 Ngf6 8.
N2g3 Nxe4 9. Nxe4 Be7 10. Bf4 Nf6 11. Bd3 Bg6 12. Be5 Nxe4 13. Bxe4 Bxe4 14.
Qxe4 O-O 15. O-O Bd6 16. f4 g6 17. Bxd6 Qxd6 18. Rfe1 Rfd8 19. Rad1 Rd7 20. Qe5
Qf8 21. Rd3 Rad8 22. Qf6 c5 23. Red1 b5 24. Qe5 Rd5 25. Qe3 Qd6 26. Kf2 c4 27.
R3d2 Rf5 28. g3 g5 29. Kf3 Kh8 30. Rf1 gxf4 31. gxf4 Rg8 32. a3 Qd5+ 33. Ke2 a5
34. Qf3 Rh5 35. Qxd5 exd5 36. Rf2 f5 37. Kf1 Re8 38. Rg2 Rh4 39. Rdf2 Re4 40.
Rg5 Rexf4 41. Rxf4 Rxf4+ 42. Kg2 b4 43. axb4 axb4 44. Kg3 Rf1 45. cxb4 h6 46.
Kg2 Rf4 47. Rg6 Kh7 48. Rd6 Rxd4 49. Kf3 Rd2 50. Ke3 Rxb2 51. Rxd5 Kg6 52. Kf4
Rxb4 53. Rd6+ Kh5 54. Kxf5 Rb5+ 55. Kf4 Rc5 56. Rd2 c3 57. Rc2 Kh4 58. Ke4 Kh3
59. Kd4 Rc8 60. Ke4 h5 61. Ke3 h4 62. Kf4 Rg8 63. Rxc3+ Kxh2 64. Rc1 h3 65. Kf3
Rg1 66. Rc8 Kh1 67. Rh8 h2 68. Kf2 Ra1 69. Rg8 Ra2+ 70. Kf1 Ra5 1/2-1/2

[Event "4NCL 2023-24"]
[Site "England ENG"]
[Date "2024.01.14"]
[Round "4.4"]
[Board "3"]
[White "Bates, Richard A"]
[Black "Badacsonyi, Stanley"]
[Result "1/2-1/2"]
[WhiteTitle "IM"]
[WhiteElo "2318"]
[BlackElo "2196"]
[WhiteTeam "Blackthorne"]
[BlackTeam "Barnet Knights A"]
[WhiteFideId "403555"]
[BlackFideId "486973"]
[EventDate "2023.11.11"]

1. d4 Nf6 2. Nf3 g6 3. g3 Bg7 4. c4 d6 5. Bg2 O-O 6. O-O c5 7. Nc3 Nc6 8. dxc5
dxc5 9. Bf4 Nh5 10. Be3 Be6 11. Nd5 b6 12. Qa4 Bd7 13. Qc2 Bf5 14. Qc1 Rc8 15.
Rd1 Qe8 16. Bh6 Be4 17. Bxg7 Nxg7 18. Bh3 f5 19. Ng5 Bxd5 20. cxd5 Nd4 21. Qd2
h6 22. e3 Nb5 23. Nf3 Nd6 24. Ne5 Rf6 25. Rac1 Rd8 26. b4 Ne4 27. Qb2 Rfd6 28.
Bf1 Kh7 29. f3 Nf6 30. bxc5 bxc5 31. Bb5 Qf8 32. Nc6 R8d7 33. Rxc5 Ne6 34. Rcc1
Nxd5 35. Qb3 Qf6 36. Nb4 Nxe3 37. Rxd6 Rxd6 38. Qxe3 f4 39. Qf2 fxg3 40. hxg3
Qg5 41. Rc6 Qxb5 1/2-1/2

[Event "4NCL 2023-24"]
[Site "England ENG"]
[Date "2024.01.14"]
[Round "4.4"]
[Board "4"]
[White "Pollack, Oscar"]
[Black "Ansell, Simon T"]
[Result "1/2-1/2"]
[BlackTitle "IM"]
[WhiteElo "2092"]
[BlackElo "2331"]
[WhiteTeam "Barnet Knights A"]
[BlackTeam "Blackthorne"]
[WhiteFideId "429414"]
[BlackFideId "402141"]
[EventDate "2023.11.11"]

1. e4 c5 2. Nf3 Nc6 3. Bb5 e6 4. Bxc6 bxc6 5. b3 Qc7 6. Bb2 Ne7 7. d3 Ng6 8. h4
h5 9. Nbd2 e5 10. Nc4 d6 11. Ne3 Be7 12. Nf5 Bf6 13. Nd2 Bxf5 14. exf5 Nxh4 15.
g3 Nxf5 16. Rxh5 Rxh5 17. Qxh5 g6 18. Qf3 Bg7 19. O-O-O O-O-O 20. Qg4 Bh6 21.
Kb1 Bxd2 22. Rxd2 Qd7 23. Qc4 Kb7 24. Rd1 Re8 25. Re1 Qe6 26. Qa4 Qd5 27. Re4
Nd4 28. c4 Qe6 29. b4 f5 30. Rh4 Qd7 31. bxc5 dxc5 32. Rh6 Qg7 33. Rh1 Rb8 34.
Ka1 Qc7 35. Rh6 Rg8 36. Ba3 Ne6 37. Rh1 Ka8 38. Re1 Rb8 39. Bb2 Nd4 40. Bxd4
cxd4 41. Qa3 Qb6 42. Qc1 Qa5 43. c5 e4 44. dxe4 d3 45. Re3 d2 46. Qd1 Qxc5 47.
Qxd2 fxe4 48. Qc3 Qxc3+ 49. Rxc3 Rf8 50. Rxc6 Rxf2 51. Re6 Rg2 52. Rxe4 Rxg3 53.
Kb2 Kb7 54. Re7+ Kb6 55. Re6+ Kb5 56. Re5+ Kb4 57. Re4+ Kc5 58. Re5+ Kb6 1/2-1/2